| 000 | 00898nab a2200253 u 4500 | ||
|---|---|---|---|
| 001 | 10139 | ||
| 003 | HDC | ||
| 007 | cr bn ---aaaaa | ||
| 008 | 210203c9999 |r|nos 0 a eng d | ||
| 040 | _aHDC | ||
| 100 |
_aGlanfield, Emma _eauthor _910354 |
||
| 245 | 0 |
_aOutrage as college serves up Halal meat without telling students - just because it is cheaper / by _cEmma Glanfield |
|
| 260 |
_a[no place] : _b[publisher not identified], _c[no year] |
||
| 336 |
_atext _2rdacontent |
||
| 337 |
_acomputer _2rdamedia |
||
| 338 |
_aonline resource _2rdacarrier |
||
| 650 |
_aHalal meat _91025 |
||
| 650 |
_aHalal slaughtering _96029 |
||
| 710 | _aMail Online | ||
| 856 | _zRequest full-text at [email protected] | ||
| 942 | _2lcc | ||
| 942 | _cNEWS | ||
| 942 | _kNWSO 000082 | ||
| 999 |
_c7462 _d7462 |
||